00000000nam##2200000za#4500
0019.659694
003CaOODSP
00520200328090525
007ta
008150407|1997||||xxc|||||     f|0| 0 fre|d
020 |a0-662-63248-6
040 |aCaOODSP|bfre
041 |aeng
041 |afre
043 |an-cn---
0861 |aP35-105/1997
1101 |aCanada.|bTravaux publics et Services gouvernementaux Canada.|bService opérationnel au gouvernement.
24510|aLexique bilingue des finances publiques / |cPréparé par le Comité de terminologie des finances publiques.
250 |aPremière édition.
260 |aOttawa - Ontario : |bTravaux publics et Services gouvernementaux Canada. |c1997.
300 |avii, 85p. : |c28 cm.
500 |a«L'objectif de cet ouvrage est d'uniformiser la terminologie financière et comptable employés dans les publications de l'administration publique fédérale afin d'en faciliter la compréhension. L'ouvrage s'adresse à tous les agents financiers supérieurs à temps plein des ministères et organismes, aux responsables des secteurs financiers et comptables des organismes centraux, ainsi qu'à toutes les personnes appelées à rédiger ou à traduire des textes financiers et comptables.»--Introduction.
504 |aBibliographie.
5203 |aL'objectif de cet ouvrage est d'uniformiser la terminologie financière et comptable employés dans les publications de l'administration publique fédérale afin d'en faciliter la compréhension. L'ouvrage s'adresse à tous les agents financiers supérieurs à temps plein des ministères et organismes, aux responsables des secteurs financiers et comptables des organismes centraux, ainsi qu'à toutes les personnes appelées à rédiger ou à traduire des textes financiers et comptables.--Introduction
546 |aBilingue
563 |aPolycopié
590 |a97-44|b1997-10-31
69107|aTerminologie|2gcpds
69107|aGestion financière|2gcpds
791 |tBilingual glossary on financial administration / |eeng|w(CaOODSP)9.659693